| 000 | 00637nam a2200205 a 4500 | ||
|---|---|---|---|
| 001 | BRL_1967 | ||
| 005 | 20190320211444.0 | ||
| 008 | 190117s1982----mx-#######---#000-0#spa-# | ||
| 041 | _aspa | ||
| 050 | 4 | _bG84 1982 | |
| 100 | 1 |
_aGuerrero Martínez, Manuel Angel _928336 |
|
| 245 | 1 | 0 | _aInforme de trabajo y análisis curricular. |
| 260 |
_aMéxico, D.F. _c1982 |
||
| 300 |
_a1 v. (sin paginación) _c23 cm. |
||
| 500 | _aAu832 | ||
| 502 | _aTesis Licenciatura (Licenciado en Químico Bacteriólogo y Parasitólogo) IPN, Escuela Nacional de Ciencias Biológicas | ||
| 650 | 1 | 4 |
_aSífilis _928337 |
| 902 | _aTERL | ||
| 942 |
_2lcc _cTES |
||
| 999 |
_c10774 _d10774 |
||